000
00269nam a22001097a 4500
008
170125b xxu||||| |||| 00| 0 eng d
020
_a
9780962724671
041
_a
eng
080
_2
3RD
_a
618.2
245
_a
EMERGENCY NURSING EXAMINATION
_c
VONFROLIO, L.G
942
_2
udc
_c
BK
999
_c
3625
_d
3625